书目信息 |
| 题名: |
高智能群体-系统公司
|
|
| 作者: | 日那野比古 著 | |
| 分册: | ||
| 出版信息: | 北京 春秋出版社 1989.09 |
|
| 页数: | 192页 | |
| 开本: | 20cm | |
| 丛书名: | ||
| 单 册: | ||
| 中图分类: | G4-51 | |
| 科图分类: | ||
| 主题词: | 教育 | |
| 电子资源: | ||
| ISBN: | 7-5069-0162-5 | |
| 000 | 00560nam0 2200193 450 | |
| 001 | 0652727468 | |
| 005 | 20061101144358.03 | |
| 010 | @a7-5069-0162-5@dCNY2.60 | |
| 100 | @a20061101d1989 km y0chiy0120 ea | |
| 101 | 0 | @achi |
| 102 | @aCN@b110000 | |
| 200 | 1 | @a高智能群体-系统公司@Agao zhi neng qun ti-xi tong gong si@f[日]那野比古著@F[ri]na ye bi gu zhu |
| 210 | @a北京@c春秋出版社@d1989.09 | |
| 215 | @a192页@d20cm | |
| 606 | 0 | @a教育 |
| 690 | @aG4-51@v3 | |
| 701 | 0 | @a日那野比古@Ari na ye bi gu@4著 |
| 801 | 0 | @aCN@bPFT@c20061101 |
| 905 | @a10447@dG4-51@e25:2 | |
| 高智能群体-系统公司/[日]那野比古著.-北京:春秋出版社,1989.09 |
| 192页;20cm |
| ISBN 7-5069-0162-5:CNY2.60 |
| ● |
| 相关链接 |
|
|
|
|
正题名:高智能群体-系统公司
索取号:G4-51/25:2
 
预约/预借
| 序号 | 登录号 | 条形码 | 馆藏地/架位号 | 状态 | 备注 |
| 1 | 0227617 | 002055929 | 第一样本阅览室/ [索取号:G4-51/25:2] | 在馆 |